zpět

Detail výsledku týmu

Žumpa Pivnice, Ústí nad Labem

Datum a čas kvízu

36 Celkem bodů Celkový počet nahraných bodů na tomto kvízu bez doplňovacích otázek.
2. Pořadí na kvízu Konečné umístění týmu na tomto kvízu.

Zaznamenané odpovědi

# Otázka Odpověď Body Výsledky
1. Při informování o rozdělení mi... prevence 0
2. Nejen u nás, ale i v jedné sou... v Polsku 1
3. Minulou středu měla premiéru t... Naked Attraction 1
4. V letošním roce byla udělena N... C 1
5. V minulém týdnu jsme se v hoke... Pavel Gross, HC Sparta Praha 1
6. Rozdělení Římské říše mezi Hon... na konci 4. století 1
7. Ve 14. století Evropu sevřela... D 1
8. Adolf Hitler se nepoučil z výs... 6. armáda, (Friedrich) Paulus 1
9. Jak se jednoslovně nazývá tent... Watergate 1
10. Jak moc velkou chybou byl či n... A 1